Départements du Musée du Louvre - Statistiques

Statistiques générales
  • Ce quiz a été pris 18 fois
  • Le résultat moyen est 6 sur 9
Statistiques - réponses
Départements du Musée du Louvre % Correct
Peintures
100%
Sculptures
100%
Antiquités égyptiennes
65%
Antiquités grecques, étrusques et romaines
65%
Antiquités orientales
59%
Arts graphiques
59%
Objets d'art
53%
Arts de l'Islam
47%
Arts de Byzance et des chrétientés en Orient
18%
Aucun quiz correspondant
Distribution des résultats
% des personnes avec chaque résultat
Percentile par nombre de réponses
Votre historique - résultats
Vous n’avez pas pris ce quiz